Central American countries - Statistics

General Stats
  • This quiz has been taken 49 times
  • The average score is 5 of 7
Answer Stats
Answer % Correct
Honduras
96%
Panama
88%
El salvador
80%
Guatemala
72%
Nicaragua
72%
Belize
68%
Costa Rica
68%
No matching quizzes found
Score Distribution
Percent of People with Each Score
Percentile by Number Answered
Your Score History
You have not taken this quiz